LEADER 00933nam0-22003011i-450- 001 990003929030403321 035 $a000392903 035 $aFED01000392903 035 $a(Aleph)000392903FED01 035 $a000392903 100 $a20021018d2002----km y0itay50------ba 101 0 $aeng 200 1 $aAdvances in finance and stochastics$eEssays in honour of Die ter Sondermann$fKlaus Sandmann, Philipp J. Schonbucher (eds.) 210 $aBerlin Heidelberg$cSpringer-Verlag$d2002 215 $axix, 312 p.$cill.$d24 cm 610 0 $aProbabilità 610 0 $aAnalisi stocastica 610 0 $aMatematica finanziaria 676 $a530.475 700 1$aSandmann,$bKlaus$0147920 702 1$aSchonbucher ,$bPhilipp J. 801 0$aIT$bUNINA$gRICA$2UNIMARC 901 $aBK 912 $a990003929030403321 952 $aMIII-A-202$b9099$fMAS 959 $aMAS 996 $aAdvances in finance and stochastics$9511949 997 $aUNINA LEADER 01001nam--2200349---450- 001 990001504170203316 005 20040315153005.0 035 $a000150417 035 $aUSA01000150417 035 $a(ALEPH)000150417USA01 035 $a000150417 100 $a20040315d1930----km-y0itay0103----ba 101 0 $aita 102 $aIT 105 $a||||||||001yy 200 1 $aMenandro$fVittorio De Falco 210 $aPavia$cRegia Università$d1930 215 $a31 p.$d24 cm 300 $aEstr. da: Athenaeum: studi periodici di letteratura e storia dell'antichità. N.S. A. 8. Fasc. 2. 1930 410 0$12001 454 1$12001 461 1$1001-------$12001 700 1$aDE FALCO,$bVittorio$0163205 801 0$aIT$bsalbc$gISBD 912 $a990001504170203316 951 $aVIII Misc. 1/6$b65991 L.M.$cVIII Misc. 959 $aBK 969 $aUMA 979 $aSIAV4$b10$c20040315$lUSA01$h1530 979 $aPATRY$b90$c20040406$lUSA01$h1745 996 $aMenandro$9934586 997 $aUNISA LEADER 01054nam0-2200385---450 001 990009579070403321 005 20231017154630.0 010 $a978-88-386-6110-5$bv. 6 035 $a000957907 035 $aFED01000957907 035 $a(Aleph)000957907FED01 035 $a000957907 100 $a20120523d2011----km-y0itay50------ba 101 0 $aita 102 $aIT 105 $aa---j---001yy 200 1 $aBiologia$fRobert J. Brooker ... [et al.] 205 $aTrad. della 2. ed. americana 210 $aMilano [etc.]$cMcGraw-Hill$dc2011 215 $a6 volumi$cill.$d28 cm 307 $a6.: XII, 1274-1447 p. 327 0 $a6.: Ecologia 610 0 $aEcologia 676 $a599.95$v22$zita 702 1$aBrooker,$bRobert J. 801 0$aIT$bUNINA$gRICA$2UNIMARC 901 $aBK 912 $a990009579070403321 952 $aIII B 36-1$b651$fFMVBC 952 $aIII B 36-2$b652$fFMVBC 952 $a599.95-BRO-1$b509/2023$fSC1 959 $aFMVBC 959 $aSC1 996 $aLife, the science of biology$91395623 997 $aUNINA